EVERY Billboard Hot 100 #1 Hit of 2018 - Statistics

General Stats
  • This quiz has been taken 24 times
  • The average score is 36 of 53
Answer Stats
Issue Date #1 Hit Artist % Correct
January 27 Havana Camila Cabello ft. Young Thug
94%
September 29 Girls Like You Maroon 5 ft. Cardi B
83%
October 6 Girls Like You Maroon 5 ft. Cardi B
83%
October 13 Girls Like You Maroon 5 ft. Cardi B
83%
October 20 Girls Like You Maroon 5 ft. Cardi B
83%
October 27 Girls Like You Maroon 5 ft. Cardi B
83%
November 3 Girls Like You Maroon 5 ft. Cardi B
83%
November 10 Girls Like You Maroon 5 ft. Cardi B
83%
July 7 I Like It Cardi B, Bad Bunny, & J Balvin
83%
May 19 This Is America Childish Gambino
83%
May 26 This Is America Childish Gambino
83%
February 3 God's Plan Drake
78%
February 10 God's Plan Drake
78%
February 17 God's Plan Drake
78%
February 24 God's Plan Drake
78%
March 3 God's Plan Drake
78%
March 10 God's Plan Drake
78%
March 17 God's Plan Drake
78%
March 24 God's Plan Drake
78%
March 31 God's Plan Drake
78%
April 7 God's Plan Drake
78%
April 14 God's Plan Drake
78%
January 3 Perfect Ed Sheeran & Beyoncé
72%
January 6 Perfect Ed Sheeran & Beyoncé
72%
January 13 Perfect Ed Sheeran & Beyoncé
72%
January 20 Perfect Ed Sheeran
72%
November 17 Thank U, Next Ariana Grande
72%
November 24 Thank U, Next Ariana Grande
72%
December 1 Thank U, Next Ariana Grande
72%
December 15 Thank U, Next Ariana Grande
72%
December 22 Thank U, Next Ariana Grande
72%
December 29 Thank U, Next Ariana Grande
72%
June 30 SAD! XXXTentacion
67%
July 21 In My Feelings Drake
56%
July 28 In My Feelings Drake
56%
August 4 In My Feelings Drake
56%
August 11 In My Feelings Drake
56%
August 18 In My Feelings Drake
56%
August 25 In My Feelings Drake
56%
September 1 In My Feelings Drake
56%
September 8 In My Feelings Drake
56%
September 15 In My Feelings Drake
56%
September 22 In My Feelings Drake
56%
December 8 Sicko Mode Travis Scott
56%
June 16 Psycho Post Malone ft. Ty Dolla Sign
50%
April 21 Nice for What Drake
44%
April 28 Nice for What Drake
44%
May 5 Nice for What Drake
44%
May 12 Nice for What Drake
44%
June 2 Nice for What Drake
44%
June 9 Nice for What Drake
44%
June 23 Nice for What Drake
44%
July 14 Nice for What Drake
44%
No matching quizzes found
Score Distribution
Percent of People with Each Score
Percentile by Number Answered
Your Score History
You have not taken this quiz